000 00488nam a22001937a 4500
003 OSt
005 20220107122727.0
008 140101b xxu||||| |||| 00| 0 eng d
020 _a9780761935926
040 _cIIITM-K
082 _a333.7 DAS/M
100 _aDas, Satya P
_92718
245 _aMicroeconomics for business
_cby Satya P Das
260 _aNew Delhi,
_bSage,
_c2007.
300 _a370p.
650 _aECONOMICS
_92719
650 _aBUSINESS ECONOMICS
_92720
942 _2ddc
_cBK
999 _c3477
_d3477